Taylor Swift - Paroles loml - Statistiques

Statistiques générales
  • Ce quiz a été pris 171 fois
  • Le résultat moyen est 308 sur 366
Statistiques - réponses
Hint Réponse % Correct
love
100%
Of
100%
of
100%
the
100%
The
100%
you
100%
You
100%
I
99%
"I
99%
it
99%
It
99%
life
99%
your
99%
Your
99%
a
98%
A
98%
in
97%
In
97%
and
95%
And
95%
go
95%
Never
95%
never
95%
"Never
95%
was
95%
Was
95%
he
94%
we
94%
We
94%
"We
94%
legendary
93%
all
92%
All
92%
If
92%
I'm
92%
me
92%
momentary
92%
my
92%
on
92%
Still
92%
still
92%
to
92%
from
91%
get
91%
mind,
91%
mind"
91%
time
91%
time"
91%
it's
90%
It's
90%
know
90%
said,
90%
said
90%
You're
90%
be
89%
What
89%
what
89%
almost
87%
gettin
87%
had
87%
loss
87%
one
87%
don't
86%
married
86%
takes
86%
then
86%
buried
85%
die
85%
kiss
85%
stay
85%
Talking
85%
talking
85%
thought
85%
under
85%
unnecessary
85%
at
84%
before
84%
before,
84%
How
84%
quite
84%
table
84%
talked
84%
told
84%
Couplet 1 | Couplet 2 Who's
84%
wish
84%
alive,
83%
could
83%
goodbye
83%
leave" ...
83%
let
83%
like
83%
since
83%
this
83%
were
83%
babe"
82%
gonna
82%
shit
82%
coward
80%
felt
80%
glimpse,
80%
glimpse
80%
"I'll
80%
I'll
80%
killing
80%
stop
80%
un-recall
80%
us
80%
cemetery
79%
for
79%
just
79%
kids,
79%
lion
79%
nick
79%
Refrain Oh,
79%
out
78%
Should've
78%
Dancing
77%
ever
77%
flames?
77%
see
77%
About
76%
anyway
76%
rings
76%
safe
76%
until
76%
bed?
75%
better
75%
black
75%
can't
75%
million
75%
tie,
75%
times
75%
When
75%
white
75%
Back
74%
Girl,
74%
roar
74%
steps
74%
suit
74%
Are
72%
cradles
72%
hand
72%
make
72%
second
72%
something
72%
stand
72%
than
72%
up
72%
claimed
71%
cry
71%
eyed
71%
eyes
71%
Ghost,
71%
guy
71%
phantoms
71%
That
71%
dead
70%
her
70%
starry
70%
Steal
70%
too
70%
valiant
70%
away
69%
bland
69%
Cause
69%
cinephile
69%
once,
69%
tell
69%
they
69%
through
69%
embarrassed
68%
hole
68%
into
68%
dreams,
67%
dynamite
67%
ink
67%
lies
67%
quick
67%
reformed
67%
truth
67%
bleeds
66%
took
66%
boy,
64%
braids
64%
hell,
64%
those
64%
Holy
63%
plot
63%
Turned
63%
twists
63%
fakes
62%
lowdown
62%
aglow
61%
field
61%
fire
61%
terrace
61%
waltzing
61%
Mr.
60%
match
59%
Our
59%
somber
59%
memories
57%
Heaven
55%
scheme
55%
paintings
53%
Well,
53%
fool
52%
Stitching,
52%
arson's
51%
fate
51%
combing
49%
counterfeit's
49%
rekindled
49%
blew
48%
But
47%
winds
47%
engulfed
45%
with
44%
con
43%
impressionist
43%
embroidered
41%
man
40%
sells
37%
Aucun quiz correspondant
Distribution des résultats
% des personnes avec chaque résultat
Percentile par nombre de réponses
Votre historique - résultats
Vous n’avez pas pris ce quiz